La isla del tesoro / (Registro nro. 7388)
[ vista simple ]
| 000 -LIDER | |
|---|---|
| fixed length control field | 00868cam a2200289 a 4500 |
| 001 - NÚMERO DE CONTROL | |
| Identificador de número de control | 000003405 |
| 003 - IDENTIFICACDOR DE NÚMERO DE CONTROL | |
| control field | DO-SdBNP |
| 005 - DATE AND TIME OF LATEST TRANSACTION | |
| control field | 20250526112312.0 |
| 007 - CAMPOS FIJOS DE DESCRIPCIÓN FÍSICA | |
| fixed length control field | 000003405 |
| 008 - ELEMENTOS DE LONGITUD FIJA | |
| fixed length control field | 841203s 2008 ck 000 f spa d |
| 020 ## - ISBN | |
| International Standard Book Number | 9789945406726 |
| 040 ## - FUENTE DE CATALOGACIÓN | |
| Agencia que crea de manera original el registro | BPMSU |
| Agencia que realiza la transcripción | spa |
| Agencia que realiza la modificación | BPMSU |
| 082 #4 - NÚMERO DE CLASIFICACIÓN DECIMAL DE DEWEY | |
| Classification number | 823 |
| Item number | S847is 2008 |
| Edition number | 22 |
| 100 1# - ASIENTO PRINCIPAL -- NOMBRE PERSONAL | |
| Nombre personal | Stevenson, Robert Louis, |
| Fechas asociadas con el nombre | 1850-1894 |
| 245 13 - MENCIÓN DE TITULO | |
| Título | La isla del tesoro / |
| Mención de responsabilidad | Robert Louis Stevens ; Ilustraciones José Lovera |
| 260 ## - PUBLICACIÓN, DISTRIBUCIÓN, ETC. (PIE DE IMPRENTA) | |
| Lugar de publicación, distribución, etc | Santo Domingo : |
| Nombre del editor, distribuidor, etc. | Tobogán, |
| Fecha de publicación, distribución, etc | 2008 |
| 300 ## - DESCRIPCIÓN FÍSICA | |
| Extensión | 102 p. ; |
| Dimensiones | 22 cm. |
| 490 0# - MENCIÓN DE SERIES | |
| Mención de serie | Clásicos universales |
| 534 ## - NOTA SOBRE LA VERSIÓN ORIGINAL | |
| Asiento principal del original | Título original: Treasure island |
| 590 ## - NOTA LOCAL | |
| Enlace | Inventariado,2022/VM |
| 650 #4 - ENCABEZAMIENTO DE MATERIA--TEMÁTICO | |
| Término temático o nombre geográfico como elemento de entrada | Novela infantil inglesa |
| 650 #4 - ENCABEZAMIENTO DE MATERIA--TEMÁTICO | |
| Término temático o nombre geográfico como elemento de entrada | Literatura infantil inglesa |
| 700 1# - ASIENTO SECUNDARIO -- NOMBRE PERSONAL | |
| Nombre personal | Torres Oliver, Francisco, |
| 830 #0 - ASIENTO SECUNDARIO DE SERIE--TÍTULO UNIFORME | |
| Título uniforme | Clásicos universales |
| 910 ## - VALIDACIÓN | |
| Validación | VMateo V./Validado |
| 942 ## - ADDED ENTRY ELEMENTS (KOHA) | |
| Source of classification or shelving scheme | Dewey Decimal Classification |
| Koha item type | Libros |
| Withdrawn status | Lost status | Source of classification or shelving scheme | Damaged status | Not for loan | Collection code | Home library | Current library | Date acquired | Total Checkouts | Full call number | Barcode | Date last seen | Price effective from | Koha item type | Copy number |
|---|---|---|---|---|---|---|---|---|---|---|---|---|---|---|---|
| Dewey Decimal Classification | Colección Juvenil Dominicana | Biblioteca Pública Metropolitana Salomé Ureña | Biblioteca Pública Metropolitana Salomé Ureña | 04/17/2015 | BPMSU CJG 823 S847is 2008 | BPMSU15040409 | 04/17/2015 | 04/17/2015 | Libros | ||||||
| Dewey Decimal Classification | Colección Juvenil Dominicana | Biblioteca Pública Metropolitana Salomé Ureña | Biblioteca Pública Metropolitana Salomé Ureña | 04/17/2015 | BPMSU CIG E863 S847is 2008 | BPMSU15040410 | 04/17/2015 | 04/17/2015 | Libros | ||||||
| Dewey Decimal Classification | Biblioteca Pública Metropolitana Salomé Ureña | Biblioteca Pública Metropolitana Salomé Ureña | 04/17/2015 | BPMET15040412 | 04/17/2015 | 04/17/2015 | Libros | ej. 4 | |||||||
| Dewey Decimal Classification | Biblioteca Pública Metropolitana Salomé Ureña | Biblioteca Pública Metropolitana Salomé Ureña | 04/20/2015 | BPMET15040413 | 04/20/2015 | 04/20/2015 | Libros | ej. 5 |